000 00474nam a22001457a 4500
003 LK-CoDNM
005 20260109145646.0
008 260109b |||||||| |||| 00| 0 eng d
040 _aLK-CoDNM
_dLK-CoDNM
_eLK-CoDNM
041 _asin
080 _a294.3
_bSUM
100 _aසුමනරතන හිමි,පාතේගම
245 _aනිවන් මග විවර කෙරෙන සද්ධර්ම දේශනා 09 වන වෙළුම
942 _cBK
999 _c240560
_d240560